• 首页
  • 本馆介绍
  • 公告通知
  • 最新文献
  • 馆藏检索
  • 电子资源
  • 读者导购
  • 参考咨询
  • 我的图书馆
  • 登录
  • 详细信息显示
  • 放入我的书架
  • 预约/预借图书
  • 作者相关作品
  • 分类相关作品
  • 丛书相关作品
  • 出版社相关作品

书目信息

  • 表格格式
  • 工作单格式
  • 卡片格式
题名:
汽车车身制造工艺学
    
 
作者: 钟诗清 主编
分册:  
出版信息: 北京   人民交通出版社  2012.11
页数: 205页
开本: 26cm
丛书名:
单 册:
中图分类: U463.820.6
科图分类:
主题词: 汽车--qi che--车体--车辆制造--高等学校--教材 , 汽车--qi che , 车体--che ti , 车辆制造--che liang zhi zao
电子资源:
ISBN: 978-7-114-10085-7
000 00991nam0 2200277 450
001 0109110236
005 20201109110340.0
010    @a978-7-114-10085-7@dCNY27.00
100    @a20130127e20192012em y0chiy50 ea
101 0  @achi
102    @aCN@b110000
105    @aa z 000yy
106    @ar
200 1  @a汽车车身制造工艺学@Aqi che che shen zhi zao gong yi xue@f钟诗清主编
210    @a北京@c人民交通出版社@d2012.11@h2019.12
215    @a205页@c图@d26cm
300    @a“十二五”普通高等教育车辆工程专业规划教材
330    @a本书系统地阐述了汽车车身制造的全过程,共八章,包括汽车车身结构及其制造过程、车身材料、冲压工艺基础、车身冲压、车身焊接工艺、机器人和机械手的应用等内容。
606 0  @a汽车@Aqi che@x车体@x车辆制造@x高等学校@j教材
606 0  @a汽车@Aqi che
606 0  @a车体@Ache ti
606 0  @a车辆制造@Ache liang zhi zao
690    @aU463.820.6@v5
701  0 @a钟诗清@Azhong shi qing@4主编
801  0 @aCN@bBJSZM@c20201103
905    @b1241599-602@dU463.820.6@e959@f4
    
    汽车车身制造工艺学/钟诗清主编.-北京:人民交通出版社,2012.11(2019.12)
    205页:图;26cm
    “十二五”普通高等教育车辆工程专业规划教材
    
    ISBN 978-7-114-10085-7:CNY27.00
    本书系统地阐述了汽车车身制造的全过程,共八章,包括汽车车身结构及其制造过程、车身材料、冲压工艺基础、车身冲压、车身焊接工艺、机器人和机械手的应用等内容。
●
相关链接 在E读中查询图书 在五车中查询图书 在当当中查询图书 在豆瓣中查询图书


正题名:汽车车身制造工艺学     索取号:U463.820.6/959         预约/预借

序号 登录号 条形码 馆藏地/架位号 状态 备注
1 1241599   212415992   第二样本阅览室/ [索取号:U463.820.6/959] 在馆    
2 1241600   212416009   第三借阅区/ [索取号:U463.820.6/959] 在馆    
3 1241601   212416018   第三借阅区/ [索取号:U463.820.6/959] 在馆    
4 1241602   212416027   第三借阅区/ [索取号:U463.820.6/959] 在馆    
唐山师范学院图书馆 欢迎您!
大连网信软件有限公司© 版权所有